000 00825nam a2200253 a 4500
001 10159
003 BD-RjUL
005 20211208234913.0
008 170504s1962 enka 001 0 eng d
035 _a(BD-RjUL)10207
040 _aDLC
_cDLC
_dDLC
_dBD-RjUL
_beng
041 _aeng
082 0 0 _a540.7
_bSTC 1962
_223
100 1 _aStrobel, Howard A.
_931367
245 1 0 _aChemical instrumentation :
_ba systematic approach to instrumental analysis /
_cHoward A. Strobel
260 _aReading, Mass. :
_bAddison-Wesley Pub. Co. ,
_cc1962.
300 _a653 p. :
_bill. ;
_c24 cm.
490 0 _aAddison-Wesley series in chemistry
504 _aIncludes index.
650 0 _aInstrumentation
_929915
650 0 _aInstrumentation analysis.
_9211738
830 _aAddison-Wesley series in chemistry
_9200959
942 _2ddc
_cBK
999 _c10159
_d10159